ESPN's FC 100: Top 100 Best Soccer Players 2025 - Statistics

General Stats
  • This quiz has been taken 1,001 times
  • The average score is 71 of 100
Answer Stats
Group Rank Club Nationality Answer % Correct
Center Forwards 1 Real Madrid France Kylian Mbappé
100%
Center Forwards 4 Manchester City Norway Erling Haaland
98%
Center Forwards 3 Bayern Munich England Harry Kane
97%
Center Forwards 2 Barcelona Poland Robert Lewandowski
97%
Center Forwards 5 Inter Milan Argentina Lautaro Martinez
94%
Center Forwards 6 Newcastle United Sweden Alexander Isak
92%
Center Forwards 7 Atlético Madrid Argentina Julián Álvarez
89%
Center Forwards 10 Atlético Madrid France Antoine Griezmann
87%
Center Forwards 8 Sporting CP Sweden Viktor Gyökeres
87%
Center Forwards 15 Al Nassr Portugal Cristiano Ronaldo
86%
Wingers 1 Liverpool Egypt Mohamed Salah
84%
Attacking Midfielders 1 Real Madrid England Jude Bellingham
83%
Wingers 2 Barcelona Spain Lamine Yamal
83%
Wingers 3 Barcelona Brazil Raphinha
82%
Wingers 4 Real Madrid Brazil Vinícius Jr.
82%
Wingers 6 Arsenal England Bukayo Saka
81%
Attacking Midfielders 4 Arsenal Norway Martin Ødegaard
81%
Wingers 5 Paris Saint-Germain France Ousmane Dembélé
81%
Attacking Midfielders 6 Manchester United Portugal Bruno Fernandes
80%
Attacking Midfielders 5 Chelsea England Cole Palmer
80%
Attacking Midfielders 2 Bayer Leverkusen Germany Florian Wirtz
80%
Wingers 8 Inter Miami Argentina Lionel Messi
80%
Wingers 12 Liverpool Colombia Luis Díaz
80%
Center Forwards 13 Manchester City Egypt Omar Marmoush
80%
Wingers 10 Real Madrid Brazil Rodrygo
80%
Center Forwards 12 Galatasaray Nigeria Victor Osimhen
80%
Wingers 18 AC Milan United States Christian Pulisic
79%
Center Forwards 9 Borussia Dortmund Guinea Serhou Guirassy
79%
Center Forwards 19 Arsenal Germany Kai Havertz
78%
Wingers 7 Paris Saint-Germain Georgia Khvicha Kvaratskhelia
78%
Attacking Midfielders 3 Bayern Munich Germany Jamal Musiala
77%
Wingers 16 AC Milan Portugal Rafael Leão
77%
Wingers 17 Liverpool Netherlands Cody Gakpo
76%
Attacking Midfielders 7 Liverpool Hungary Dominik Szoboszlai
75%
Center Forwards 18 Lille Canada Jonathan David
75%
Center Forwards 14 Inter Milan France Marcus Thuram
75%
Wingers 11 Bayern Munich France Michael Olise
75%
Wingers 9 Athletic Club Spain Nico Williams
75%
Wingers 14 Paris Saint-Germain France Désiré Doué
74%
Central Midfielders 1 Barcelona Spain Pedri
74%
Center Backs 1 Liverpool Netherlands Virgil Van Dijk
74%
Center Backs 3 Real Madrid Germany Antonio Rüdiger
73%
Central Midfielders 2 Arsenal England Declan Rice
73%
Central Midfielders 3 Real Madrid Uruguay Federico Valverde
73%
Attacking Midfielders 11 Napoli Scotland Scott McTominay
73%
Fullbacks 1 Paris Saint-Germain Morocco Achraf Hakimi
72%
Goalkeepers 1 Real Madrid Belgium Thibaut Courtois
72%
Center Backs 2 Arsenal France William Saliba
72%
Central Midfielders 4 Liverpool Argentina Alexis Mac Allister
71%
Goalkeepers 4 Aston Villa Argentina Emiliano Martinez
71%
Goalkeepers 3 Paris Saint-Germain Italy Gianluigi Donnarumma
71%
Fullbacks 2 Liverpool England Trent Alexander-Arnold
71%
Central Midfielders 5 Paris Saint-Germain Portugal Vitinha
71%
Wingers 15 Atalanta Nigeria Ademola Lookman
70%
Goalkeepers 2 Liverpool Brazil Alisson Becker
70%
Fullbacks 5 Bayern Munich Canada Alphonso Davies
70%
Wingers 13 Paris Saint-Germain France Bradley Barcola
70%
Central Midfielders 11 Barcelona Netherlands Frenkie De Jong
70%
Center Backs 4 Arsenal Brazil Gabriel Magalhães
70%
Goalkeepers 5 Atlético Madrid Slovenia Jan Oblak
69%
Attacking Midfielders 8 RB Leipzig Netherlands Xavi Simons
69%
Goalkeepers 6 Arsenal Spain David Raya
68%
Fullbacks 3 Barcelona France Jules Koundé
68%
Center Backs 7 Paris Saint-Germain Brazil Marquinhos
68%
Fullbacks 4 Paris Saint-Germain Portugal Nuno Mendes
68%
Goalkeepers 7 Inter Milan Switzerland Yann Sommer
68%
Central Midfielders 14 Real Madrid France Aurélien Tchouaméni
67%
Center Forwards 20 RB Leipzig Slovenia Benjamin Šeško
67%
Center Forwards 17 Nottingham Forest New Zealand Chris Wood
67%
Center Backs 8 Liverpool France Ibrahima Konaté
67%
Central Midfielders 7 Bayern Munich Germany Joshua Kimmich
67%
Center Forwards 16 Wolverhampton Wanderers Brazil Matheus Cunha
67%
Center Backs 5 Inter Milan Italy Alessandro Bastoni
66%
Central Midfielders 8 Newcastle United Brazil Bruno Guimarães
66%
Wingers 20 Brentford Cameroon Bryan Mbeumo
65%
Central Midfielders 6 Inter Milan Italy Nicolò Barella
65%
Attacking Midfielders 13 Crystal Palace England Eberechi Eze
64%
Fullbacks 8 Bayer Leverkusen Netherlands Jeremie Frimpong
64%
Central Midfielders 10 Paris Saint-Germain Portugal João Neves
64%
Goalkeepers 9 AC Milan France Mike Maignan
64%
Central Midfielders 13 Paris Saint-Germain Spain Fabián Ruiz
63%
Center Backs 6 Barcelona Spain Pau Cubarsí
63%
Central Midfielders 15 Newcastle United Italy Sandro Tonali
63%
Attacking Midfielders 10 Real Betis Spain Isco
61%
Central Midfielders 9 Liverpool Netherlands Ryan Gravenberch
61%
Fullbacks 9 Inter Milan Netherlands Denzel Dumfries
60%
Fullbacks 6 Barcelona Spain Alejandro Balde
59%
Fullbacks 7 Inter Milan Italy Federico Dimarco
59%
Central Midfielders 12 Atlético Madrid Argentina Rodrigo De Paul
59%
Fullbacks 10 Arsenal Netherlands Jurrien Timber
58%
Center Backs 10 Bournemouth Spain Dean Huijsen
56%
Goalkeepers 8 Athletic Club Spain Unai Simón
56%
Attacking Midfielders 9 Nottingham Forest England Morgan Gibbs-White
53%
Attacking Midfielders 12 Aston Villa England Morgan Rogers
48%
Center Forwards 11 Atalanta Italy Mateo Retegui
45%
Wingers 19 Atlético Madrid Argentina Giuliano Simeone
44%
Goalkeepers 10 Nottingham Forest Belgium Matz Sels
44%
Center Backs 9 Nottingham Forest Brazil Murillo
40%
Attacking Midfielders 14 Athletic Club Spain Oihan Sancet
29%
Attacking Midfielders 15 Lyon Argentina Thiago Almada
25%
No matching quizzes found
Score Distribution
Percent of People with Each Score
Percentile by Number Answered
Your Score History
You have not taken this quiz